[Event "2018 WA State Championships"]
[Site "North Woodvale Primary School"]
[Date "2018.05.20"]
[Round "1"]
[White "Kurniawan, Stephanus"]
[Black "Lakner, Jay"]
[WhiteElo "2369"]
[BlackElo "2098"]
[Result "1-0"]

1. e4 c5 2. Nf3 Nc6 3. Bb5 g6 4. O-O Bg7 5. Re1 Qb6 6. Nc3 Bxc3 7. Bxc6 Bg7 8.
Ba4 Qa6 9. c3 b5 10. Bb3 d6 11. d4 c4 12. Bc2 Rb8 13. h3 e6 14. Bf4 h6 15. Qd2
Bd7 16. a4 bxa4 17. Qd1 Rxb2 18. Bxa4 Bxa4 19. Rxa4 Qb6 20. Nd2 e5 21. Nxc4 Qb8
22. Nxb2 Qxb2 23. Rb4 Qxc3 24. Qa4+ Ke7 25. Rb7+ Kf6 26. dxe5+ dxe5 27. Qa6+ 1-0

[Event "2018 WA State Championships"]
[Site "North Woodvale Primary School"]
[Date "2018.05.20"]
[Round "1"]
[White "Maris, Robert"]
[Black "Gong, Patrick"]
[WhiteElo "1987"]
[BlackElo "2352"]
[Result "0-1"]

1. c4 Nf6 2. Nc3 c6 3. e4 d5 4. e5 Ne4 5. cxd5 Nxc3 6. bxc3 cxd5 7. d4 Bf5 8.
Ba3 Qc7 9. Rc1 Nc6 10. Nf3 g6 11. Qb3 Bh6 12. Nd2 Qa5 13. Bb5 a6 14. Bxc6+ bxc6
15. g3 O-O 16. Qb4 Qb5 17. c4 dxc4 18. f4 Qd5 19. Rf1 Bd3 20. Rg1 Qxd4 21. Qc5
Qd7 22. Nxc4 Qg4 23. Qe3 Rad8 24. h3 Qe6 25. Nb6 Rb8 26. Rg2 Qxh3 27. Qf2 Qh1+
28. Qg1 Qxg1+ 29. Rxg1 Rxb6 0-1

[Event "2018 WA State Championships"]
[Site "North Woodvale Primary School"]
[Date "2018.05.20"]
[Round "1"]
[White "Kinsman, Craig"]
[Black "Ferozkohi, Ihsan"]
[WhiteElo "1961"]
[BlackElo "2238"]
[Result "1/2-1/2"]

1. e4 d5 2. exd5 Qxd5 3. Nc3 Qd6 4. d4 Nf6 5. Nf3 a6 6. g3 Bg4 7. Bf4 Qe6+ 8.
Be3 Nc6 9. h3 Bxf3 10. Qxf3 O-O-O 11. O-O-O Nb4 12. Bg2 c6 13. Kb1 Nfd5 14.
Nxd5 Qxd5 15. Qg4+ Qd7 16. Qxd7+ Rxd7 17. c4 a5 18. a3 Na6 19. d5 c5 20. Bd2 b6
21. Be4 g6 22. Bc3 Rg8 23. h4 Bg7 24. Bxg7 Rxg7 25. h5 f5 26. hxg6 hxg6 27. Bc2
Nc7 28. Rh8+ Kb7 29. Ba4 b5 30. Bxb5 Nxb5 31. cxb5 e6 32. d6 a4 33. Re8 Kb6 34.
Rxe6 Kxb5 35. Kc2 Kc6 36. Kc3 f4 37. Kc4 fxg3 38. fxg3 Rgf7 39. Rxg6 Rf2 40.
Kc3 Rg2 41. Rd3 Rf2 42. Rd2 Rf3+ 43. Kc2 Rf5 44. g4 Rf4 45. Rg2 Rxd6 46. Rxd6+
Kxd6 47. g5 Ke7 48. g6 Kf8 49. g7+ Kg8 50. Rg5 Rf2+ 51. Kd3 Rf3+ 52. Kc2 Rf2+
53. Kb1 Rf1+ 54. Ka2 c4 55. Ra5 Kxg7 56. Rxa4 Rc1 57. Ra6 Kf7 58. a4 Ke7 59.
Ka3 c3 60. bxc3 1/2-1/2

[Event "2018 WA State Championships"]
[Site "North Woodvale Primary School"]
[Date "2018.05.20"]
[Round "1"]
[White "Hardegen, Andrew"]
[Black "Dunlop, Gordon"]
[WhiteElo "2131"]
[BlackElo "1895"]
[Result "1-0"]

1. d4 Nf6 2. c4 e6 3. Nc3 d5 4. Nf3 Be7 5. Bf4 c6 6. e3 O-O 7. Bd3 Nbd7 8. O-O
dxc4 9. Bxc4 Nd5 10. a3 Nxf4 11. exf4 Nf6 12. Qe2 Nd5 13. g3 Nxc3 14. bxc3 c5
15. Rfe1 Bf6 16. Qe4 cxd4 17. cxd4 g6 18. Ne5 Bxe5 19. fxe5 Rb8 20. h4 b5 21.
Bb3 Bb7 22. Qg4 h5 23. Qf4 Kg7 24. Rac1 Qe7 25. Rc5 a6 26. Rec1 Rbc8 27. a4
bxa4 28. Bxa4 f5 29. Qd2 f4 30. Rxc8 Bxc8 31. Qa5 Qa3 32. Rc7+ Kg8 33. Qc5 Qa1+
34. Qc1 Qxa4 35. Qb1 Kh8 36. Qxg6 Qd1+ 37. Kg2 f3+ 38. Kh2 1-0

[Event "2018 WA State Championships"]
[Site "North Woodvale Primary School"]
[Date "2018.05.20"]
[Round "1"]
[White "Fu, Yihe (Rebo)"]
[Black "Kelly, Adam"]
[WhiteElo "1892"]
[BlackElo "2104"]
[Result "0-1"]

1. e4 c6 2. d4 d5 3. Nc3 dxe4 4. Nxe4 Nd7 5. Nf3 Ngf6 6. Nxf6+ Nxf6 7. Bc4 Bf5
8. O-O e6 9. c3 Qc7 10. Be3 Bd6 11. h3 O-O 12. Re1 Nd5 13. Bxd5 cxd5 14. Nh4
Be4 15. f3 Bg6 16. Nxg6 hxg6 17. Qd3 Rab8 18. a4 Rfc8 19. Rec1 Qd8 20. f4 Rc6
21. b3 Rbc8 22. c4 Qh4 23. cxd5 exd5 24. Rxc6 Rxc6 25. Rf1 Qg3 26. Rf3 Qe1+ 27.
Kh2 Rc3 28. Qd2 Rxe3 29. Qxe3 Qxe3 30. Rxe3 Bxf4+ 31. Rg3 g5 32. b4 Kh7 33. b5
b6 34. Kg1 Bxg3 35. Kf1 Kg6 36. Ke2 Kf5 37. Kf3 Bd6 38. g4+ Ke6 39. Ke3 Kd7 40.
Kd3 g6 41. Ke3 Bf8 42. Kd3 Bg7 43. Ke3 Ke6 44. Kd3 f5 45. Ke3 f4+ 46. Kd3 Kd6
47. Kc3 f3 48. Kd3 f2 49. Ke2 Bxd4 50. Kf1 Ke5 51. Kg2 Ke4 52. Kf1 Ke3 53. a5
bxa5 54. b6 axb6 55. h4 gxh4 56. g5 a4 57. Kg2 Ke2 58. Kh2 Be5+ 59. Kh3 f1=Q+
60. Kxh4 Qf4+ 0-1

[Event "2018 WA State Championships"]
[Site "North Woodvale Primary School"]
[Date "2018.05.20"]
[Round "1"]
[White "Shaw, Robin"]
[Black "Barry, David"]
[WhiteElo "1791"]
[BlackElo "1480"]
[Result "0-1"]

1. e4 c5 2. d4 cxd4 3. c3 dxc3 4. Nxc3 e6 5. Nf3 Be7 6. Bc4 d6 7. O-O Nf6 8.
Qe2 O-O 9. Rd1 Qc7 10. Bf4 a6 11. e5 Nh5 12. exd6 Nxf4 13. dxc7 Nxe2+ 14. Bxe2
Nc6 15. Na4 b5 16. Rac1 bxa4 17. Rxc6 Ra7 18. Rc4 Rb7 19. Rd2 Bf6 20. Rcc2 g5
21. h3 Ra7 22. Rc5 h6 23. g4 Rb7 24. Bxa6 Rxb2 25. Rxb2 Bxb2 26. Bxc8 Rxc8 27.
Rb5 Rxc7 28. Rxb2 Rc3 29. Kg2 a3 30. Rb3 Rxb3 31. Nd2 Rb2 32. Nc4 Rxa2 0-1

[Event "2018 WA State Championships"]
[Site "North Woodvale Primary School"]
[Date "2018.05.20"]
[Round "1"]
[White "Milovanovic, Stevica"]
[Black "Wolstencroft, Alan"]
[WhiteElo "1208"]
[BlackElo "1753"]
[Result "0-1"]

1. d4 Nf6 2. Bf4 g6 3. e3 Bg7 4. Nc3 d6 5. Bd3 a6 6. h3 Nbd7 7. Nf3 O-O 8. g4
c5 9. Qd2 b5 10. Be4 Nxe4 11. Nxe4 Bb7 12. d5 Bxb2 13. Rb1 Bg7 14. c4 b4 15.
O-O Nb6 16. Qc2 Qd7 17. a3 a5 18. Nfg5 Ba6 19. axb4 Bxc4 20. bxa5 Bxf1 21. axb6
Ba6 22. f3 h6 23. h4 hxg5 24. hxg5 Bb7 25. Qh2 Ra1 26. Rxa1 Bxa1 27. Bxd6 Bxd5
28. Nf6+ exf6 29. Bxf8 Kxf8 30. Qh8+ Ke7 31. e4 Bb7 32. gxf6+ Bxf6 33. Qh2 Qd1+
34. Kg2 Qd2+ 35. Kg1 Bd4+ 36. Kh1 Qxh2+ 37. Kxh2 c4 0-1

[Event "2018 WA State Championships"]
[Site "North Woodvale Primary School"]
[Date "2018.05.21"]
[Round "1"]
[White "Simonds, Marcus"]
[Black "Laugery, Bernard"]
[WhiteElo "1725"]
[BlackElo "1126"]
[Result "1-0"]

1. d4 d5 2. Bf4 e6 3. e3 a6 4. Bd3 Bd6 5. Bg3 Nc6 6. Nf3 Bxg3 7. hxg3 Nf6 8.
Nbd2 Bd7 9. c3 Na7 10. Ne5 Bb5 11. Qc2 Bxd3 12. Qxd3 Qe7 13. g4 O-O-O 14. a4 h6
15. b4 Kb8 16. b5 a5 17. Ke2 Nd7 18. Ndf3 Nxe5 19. Nxe5 Rd6 20. c4 dxc4 21.
Nxc4 Rd5 22. Nxa5 Rhd8 23. Nc4 e5 24. Qe4 f6 25. Rab1 Qd7 26. dxe5 fxe5 27. Rb2
Rd1 28. Rb1 Rxh1 29. Rxh1 Re8 30. Rd1 Qe6 31. Rd5 Qf6 32. Rxe5 Rxe5 33. Qxe5
Qf7 34. Qd4 Nc8 35. e4 Qe6 36. f3 Qe7 {Remaining moves illegible.} 1-0

[Event "2018 WA State Championships"]
[Site "North Woodvale Primary School"]
[Date "2018.05.20"]
[Round "1"]
[White "Ong, Celine"]
[Black "Maris, Natalie"]
[WhiteElo "851"]
[BlackElo "1679"]
[Result "0-1"]

1. e4 d5 2. f3 dxe4 3. fxe4 Nc6 4. Nf3 Bg4 5. Be2 e5 6. c4 Bc5 7. Nc3 Bxf3 8.
Bxf3 Qd4 9. Qe2 Nb4 10. Kd1 c6 11. a3 Nd3 12. Rf1 Qxc4 13. Kc2 O-O-O 14. Bg4+
Kb8 15. b3 Qd4 16. Rxf7 g6 17. g3 Nh6 18. Rf1 Nxg4 19. Qxg4 Nxc1 20. Raxc1
Qxd2+ 21. Kb1 Bxa3 22. Rc2 Qd6 23. Rd1 Qb4 24. Ka1 Qxb3 25. Qe2 Bc5 26. Rdc1
Bd4 27. h4 Rhf8 28. Qd3 Rf6 29. Rb2 Qa3+ 30. Ra2 Qxc1+ 31. Qb1 Bxc3+ 32. Rb2
Bxb2+ 33. Ka2 Qxb1+ 34. Kxb1 Rd2 35. Ka2 Rf3 36. g4 Bd4+ 37. Kb1 Rf1# 0-1

[Event "2018 WA State Championships"]
[Site "North Woodvale Primary School"]
[Date "2018.05.20"]
[Round "1"]
[White "Hintz, Steven"]
[Black "Gao, Oscar"]
[WhiteElo "1592"]
[BlackElo "763"]
[Result "1-0"]

1. d4 Nf6 2. c4 e6 3. Nc3 Bb4 4. e3 d5 5. Nf3 O-O 6. Bd3 dxc4 7. Bxc4 Nc6 8.
O-O Re8 9. a3 Bd6 10. e4 e5 11. d5 Ne7 12. h3 c6 13. dxc6 Nxc6 14. b4 a6 15.
Be3 b5 16. Bb3 Bb7 17. Bg5 h6 18. Bxf6 Qxf6 19. Nd5 Qg6 20. Qd3 Rad8 21. Rfe1
Bb8 {Remaining moves illegible.} 1-0

[Event "2018 WA State Championships"]
[Site "North Woodvale Primary School"]
[Date "2018.05.27"]
[Round "2"]
[White "Maggs, Derwent"]
[Black "Kurniawan, Stephanus"]
[WhiteElo "2257"]
[BlackElo "2369"]
[Result "0-1"]

1. d4 Nf6 2. c4 c5 3. d5 b5 4. cxb5 a6 5. Nc3 axb5 6. e4 b4 7. Nb5 d6 8.
Bc4 Nbd7 9. Nf3 Nb6 10. Bd3 Bg4 11. b3 g6 12. Bb2 Bg7 13. O-O O-O 14. a4
bxa3 15. Nxa3 e6 16. Nc4 Rxa1 17. Qxa1 Nxc4 18. bxc4 Bxf3 19. gxf3 e5 20.
Bc1 Nh5 21. Kh1 h6 22. Be3 Kh7 23. Rb1 Bf6 24. Rb7 Bg5 25. Qa7 Kg7 26. Kg2
Bf4 27. Re7 Bg5 28. Rd7 Qf6 29. Bc2 Bf4 30. Rxd6 Qg5+ 31. Kf1 Bxe3 32. fxe3
Qxe3 33. Bd1 Qd2 34. Qa1 Nf4 35. Qxe5+ Kh7 0-1

[Event "2018 WA State Championships"]
[Site "North Woodvale Primary School"]
[Date "2018.05.27"]
[Round "2"]
[White "Gong, Patrick"]
[Black "Hardegen, Andrew"]
[WhiteElo "2352"]
[BlackElo "2131"]
[Result "1/2-1/2"]

1. Nf3 d5 2. d4 Nf6 3. Bg5 Ne4 4. Bh4 c5 5. dxc5 g6 6. Qd4 Rg8 7. c3 Nc6 8.
Qe3 h6 9. Nbd2 g5 10. Bg3 f5 11. Nxe4 dxe4 12. Ne5 f4 13. Bxf4 gxf4 14.
Qxf4 Nxe5 15. Qxe5 Rg5 16. Qxe4 Bg7 17. e3 Rxc5 18. Bc4 Bf5 19. Qh4 Qb6 20.
O-O Qg6 21. Be2 Be4 22. g3 Bc6 23. Rad1 Bf6 24. Qh3 Rh5 25. Bd3 Qf7 26. Bc4
Qg6 27. Bd3 Qf7 1/2-1/2

[Event "2018 WA State Championships"]
[Site "North Woodvale Primary School"]
[Date "2018.05.27"]
[Round "2"]
[White "Kelly, Alan"]
[Black "Kinsman, Craig"]
[WhiteElo "2104"]
[BlackElo "1961"]
[Result "1-0"]

1. c4 e5 2. Nc3 Nf6 3. Nf3 Nc6 4. g3 d5 5. cxd5 Nxd5 6. Bg2 Nb6 7. O-O Be7
8. a3 O-O 9. b4 Be6 10. b5 Nd4 11. d3 a5 12. Nxe5 Bf6 13. Bf4 g5 14. Bxg5
Bxg5 15. f4 Bf6 16. e3 Nf5 17. Be4 Nd6 18. Bg2 Bxe5 19. fxe5 Nf5 20. Qe2
Qg5 21. Rf4 Ne7 22. d4 Kh8 23. Bxb7 Rab8 24. Bg2 Nbd5 25. Nxd5 Nxd5 26.
Bxd5 Bxd5 27. Raf1 Rb6 28. e4 Be6 29. Rc1 Qe7 30. d5 Qxa3 31. Qd2 Bc8 32.
Rh4 Qb4 33. Qf2 Qxb5 34. e6 f5 35. Qd4+ Kg8 36. exf5 1-0

[Event "2018 WA State Championships"]
[Site "North Woodvale Primary School"]
[Date "2018.05.27"]
[Round "2"]
[White "Ferozkohi, Ihsan"]
[Black "Lakner, Jay"]
[WhiteElo "2237"]
[BlackElo "2098"]
[Result "1-0"]

1. Nf3 d6 2. d4 f5 3. g3 g6 4. Bg2 Nf6 5. b3 Bg7 6. Bb2 O-O 7. O-O e5 8.
dxe5 Ng4 9. Qd5+ Kh8 10. Rd1 Qe8 11. Na3 Nxe5 12. Nxe5 Bxe5 13. Bxe5+ dxe5
14. Qc5 Rf7 15. Qc3 Rg7 16. Nc4 e4 17. f3 Nc6 18. Rd2 b5 19. Ne3 Bb7 20.
fxe4 fxe4 21. Rad1 Qe5 22. Qxe5 Nxe5 23. Rd4 c5 24. Rd6 Re7 25. Nd5 Bxd5
26. R1xd5 Rc8 27. Rd8+ Rxd8 28. Rxd8+ Kg7 29. Rc8 Ng4 30. Rxc5 Ne3 31. Bh3
b4 32. c3 a5 33. Rxa5 bxc3 34. Rc5 Nd5 35. Rxd5 Rc7 36. Rd1 Kf6 37. Kf2 Ke5
38. e3 Ra7 39. a4 Rb7 40. Rb1 Kd5 41. b4 Rxb4 42. Rxb4 c2 43. Be6+ 1-0

[Event "2018 WA State Championships"]
[Site "North Woodvale Primary School"]
[Date "2018.05.27"]
[Round "2"]
[White "Maris, Natalie"]
[Black "Maris, Robert"]
[WhiteElo "1679"]
[BlackElo "1987"]
[Result "0-1"]

1. e4 c5 2. d4 cxd4 3. c3 Nf6 4. e5 Nd5 5. Nf3 e6 6. Bd2 d6 7. cxd4 Nc6 8.
Nc3 dxe5 9. dxe5 Be7 10. Bb5 O-O 11. Bxc6 bxc6 12. O-O Bb7 13. Ne4 c5 14.
Qe2 Qb6 15. Rfb1 Ba6 16. Qd1 Bd3 17. Neg5 h6 18. Rc1 hxg5 19. Bxg5 Bxg5 20.
Nxg5 Nf4 21. Kh1 f6 22. exf6 gxf6 23. Nf3 Rad8 24. Qa4 e5 25. Ne1 Rd4 26.
Qa3 Rc8 27. Rc3 c4 28. Nxd3 Nxd3 29. Rc2 Rcd8 30. Rf1 Qc5 31. Qa6 R4d6 32.
Qb7 Nxf2+ 0-1

[Event "2018 WA State Championships"]
[Site "North Woodvale Primary School"]
[Date "2018.05.27"]
[Round "2"]
[White "Gale, Brian"]
[Black "Fu, Yihe (Rebo)"]
[WhiteElo "1502"]
[BlackElo "1892"]
[Result "1/2-1/2"]

1. e4 c5 2. Nf3 Nc6 3. Bb5 d6 4. d4 cxd4 5. Qxd4 Bd7 6. Bxc6 Bxc6 7. Nc3
Nf6 8. Bg5 Nd7 9. O-O Qb6 10. Qxb6 Nxb6 11. b3 h6 12. Be3 e6 13. Bxb6 axb6
14. Nd4 O-O-O 15. Nxc6 bxc6 16. Na4 Kb7 17. c4 d5 18. exd5 exd5 19. cxd5
Rxd5 20. Rad1 Bd6 21. Rxd5 cxd5 22. Rd1 Rd8 23. Nb2 Be5 24. Nd3 Bf6 25. Rc1
d4 26. Kf1 Rd7 27. Rc2 Ka6 28. Ke2 Re7+ 29. Kf3 Kb7 30. g3 b5 31. Kg4 Re4+
32. Kf3 Re7 33. Kg4 Kb6 34. Kf3 g6 35. Kg2 Bg7 36. Kf3 f5 37. Re2 Rxe2 38.
Kxe2 Bf6 39. Nf4 Kc5 40. Nxg6 Kb4 41. Kd3 Ka3 42. Kc2 Kxa2 43. Nf4 Be5 44.
Nd3 Bd6 45. f4 Ka3 46. h3 h5 47. Ne5 Bc7 48. Nc6 Bb6 49. Ne7 d3+ 50. Kxd3
Kxb3 51. Nxf5 Ka2 52. Kc3 Ba5+ 53. Kc2 b4 54. Nd4 Bc7 55. Nb3 h4 56. gxh4
Bxf4 57. h5 Bh6 58. Nc5 Bg5 1/2-1/2

[Event "2018 WA State Championships"]
[Site "North Woodvale Primary School"]
[Date "2018.05.27"]
[Round "2"]
[White "Wolstencroft, Alan"]
[Black "Hintz, Steven"]
[WhiteElo "1753"]
[BlackElo "1592"]
[Result "1-0"]

1. e4 c6 2. d4 d5 3. Nc3 dxe4 4. Nxe4 Bf5 5. Ng3 Bg6 6. h4 h6 7. Nf3 Nf6 8.
Bd3 Bxd3 9. Qxd3 e6 10. Bd2 Nbd7 11. O-O-O Bd6 12. Ne4 Nxe4 13. Qxe4 Nf6
14. Qe2 Qc7 15. g3 O-O-O 16. c4 c5 17. Bc3 Rhe8 18. Kb1 Kb8 19. Rd2 cxd4
20. Nxd4 a6 21. Re1 Qb6 22. Nb3 Rc8 23. Rxd6 1-0

[Event "2018 WA State Championships"]
[Site "North Woodvale Primary School"]
[Date "2018.05.27"]
[Round "2"]
[White "Barry, David"]
[Black "Milovanovic, Stevica"]
[WhiteElo "1380"]
[BlackElo "1208"]
[Result "1-0"]

1. e4 e5 2. Nf3 Nc6 3. Bb5 Nge7 4. O-O g6 5. c3 Bg7 6. d3 O-O 7. Re1 a6 8.
Ba4 b5 9. Bb3 Na5 10. Bc2 c5 11. a4 d6 12. axb5 Qb6 13. bxa6 Bxa6 14. Nbd2
f5 15. exf5 Nxf5 16. Nf1 Bb7 17. Ne3 Nxe3 18. fxe3 c4 19. dxc4 Nxc4 20.
Rxa8 Bxa8 21. b3 e4 22. Nd4 Ne5 23. Ne6 Rf6 24. Nxg7 Kxg7 25. Bb2 Nc4 26.
Bc1 Ne5 27. c4 Nd3 28. Bxd3 exd3 29. Bb2 Qc6 30. Bxf6+ Kf7 31. Qd2 Kxf6 32.
Rf1+ Kg7 33. Rf2 Qe4 34. Rf4 Qe5 35. Qxd3 Qa1+ 36. Qf1 Qc3 37. Rf7+ Kh6 38.
Qf4+ g5 39. Rf6+ Kh5 40. g4+ 1-0

[Event "2018 WA State Championships"]
[Site "North Woodvale Primary School"]
[Date "2018.06.03"]
[Round "3"]
[White "Kurniawan, Stephanus"]
[Black "Wolstencroft, Alan"]
[WhiteElo "2369"]
[BlackElo "1753"]
[Result "1-0"]

1. d4 Nf6 2. Nf3 g6 3. e3 Bg7 4. Be2 c5 5. c3 cxd4 6. exd4 d6 7. O-O O-O 8.
Nbd2 a6 9. a4 b6 10. Nc4 Bb7 11. h3 Qc7 12. Re1 Nc6 13. Bf4 Rfe8 14. Bh2
Nd7 15. Qb3 e5 16. dxe5 dxe5 17. Rad1 Nc5 18. Qxb6 Qxb6 19. Nxb6 Rad8 20.
Nd2 Ne6 21. Ndc4 Rxd1 22. Rxd1 Ba8 23. Bf3 Nf4 24. Bxf4 exf4 25. Nxa8 1-0

[Event "2018 WA State Championships"]
[Site "North Woodvale Primary School"]
[Date "2018.06.03"]
[Round "3"]
[White "Barry, David"]
[Black "Kelly, Adam"]
[WhiteElo "1480"]
[BlackElo "2104"]
[Result "0-1"]

1. e4 e5 2. Nf3 Nc6 3. Bb5 a6 4. Ba4 Nf6 5. O-O Be7 6. Re1 b5 7. Bb3 O-O 8.
a4 b4 9. d3 d6 10. Nbd2 Na5 11. Ba2 c5 12. c3 Rb8 13. cxb4 Rxb4 14. h3 Bd7
15. Bc4 Qc8 16. b3 Rb8 17. Ba3 Nc6 18. Nf1 Bd8 19. Ne3 Ba5 20. Re2 Bc3 21.
Bb2 Bd4 22. Bxd4 cxd4 23. Nd5 Nxd5 24. Bxd5 Ne7 25. Rc2 Qd8 26. Bc4 a5 27.
Rb1 Ng6 28. Rcb2 Rb4 29. Qd2 Nf4 30. Kh2 Qf6 31. Ng1 Qg6 32. f3 Kh8 33. Rc1
f5 34. g3 Nh5 35. Qg2 fxe4 36. fxe4 Rbb8 37. Rf2 Nf6 38. Rcf1 Qh6 39. Kh1
Rfd8 40. Rxf6 gxf6 41. Kh2 Rf8 42. Nf3 f5 43. exf5 Rxf5 44. Nh4 Rxf1 45.
Qxf1 Rf8 46. Qe2 Bc6 47. Qg4 Qd2+ 0-1

[Event "2018 WA State Championships"]
[Site "North Woodvale Primary School"]
[Date "2018.06.03"]
[Round "3"]
[White "Simonds, Marcus"]
[Black "Gong, Patrick"]
[WhiteElo "1725"]
[BlackElo "2352"]
[Result "0-1"]

1. d4 Nf6 2. Bf4 c5 3. d5 d6 4. Nc3 Bf5 5. f3 h6 6. e4 Bh7 7. Bc4 Nbd7 8.
a4 g5 9. Be3 Bg7 10. h4 g4 11. Nge2 Qa5 12. Ng3 Nxe4 13. Nxe4 Bxe4 14. Bd2
Bh7 15. Nb5 Qd8 16. Nc3 gxf3 17. Qxf3 a6 18. O-O-O Ne5 19. Qe2 Qa5 20. b3
Nxc4 21. Qxc4 b5 22. b4 Qxb4 23. Qxb4 cxb4 24. Ne2 Rc8 25. c3 bxc3 26. Be3
b4 27. Nd4 Bxd4 28. Bxd4 b3 29. Bxc3 Rxc3+ 30. Kb2 Rc2+ 31. Kxb3 O-O 0-1

[Event "2018 WA State Championships"]
[Site "North Woodvale Primary School"]
[Date "2018.06.03"]
[Round "3"]
[White "Hardegen, Andrew"]
[Black "Ferozkohi, Ihsan"]
[WhiteElo "2131"]
[BlackElo "2238"]
[Result "1-0"]

1. d4 d5 2. c4 c6 3. Nf3 Nf6 4. Nc3 g6 5. cxd5 cxd5 6. Bf4 Bg7 7. e3 O-O 8.
Be2 Nc6 9. Ne5 Qb6 10. a3 Ne4 11. Nxc6 Nxc3 12. Nxe7+ Kh8 13. bxc3 Be6 14.
Rb1 Qa5 15. O-O Qxa3 16. Rxb7 Qxc3 17. Qa1 Qxa1 18. Rxa1 a5 19. Bb5 Bf6 20.
Nc6 Rfc8 21. Be5 Kg7 22. Bxf6+ Kxf6 23. f3 h5 24. Kf2 g5 25. e4 g4 26. e5+
Kg5 27. fxg4 Kxg4 28. Ra3 h4 29. Rxa5 Rxa5 30. Nxa5 Rc2+ 31. Be2+ Kg5 32.
Rb3 h3 33. Rg3+ Kh4 34. gxh3 Bxh3 35. Nb3 Bd7 36. Nc5 Bb5 37. Nd3 Bxd3 38.
Rxd3 Kg5 39. Rg3+ Kf5 40. Rf3+ Ke6 41. Rf6+ Ke7 42. Rd6 Rd2 43. Rxd5 f6 44.
Ke3 Rb2 45. h4 fxe5 46. Rxe5+ Kf6 47. h5 Kg7 48. Kf4 Rd2 49. d5 Kf6 50.
Rf5+ Kg7 51. Bf3 Ra2 52. d6 Ra6 53. d7 1-0

[Event "2018 WA State Championships"]
[Site "North Woodvale Primary School"]
[Date "2018.06.03"]
[Round "3"]
[White "Gale, Brian"]
[Black "Maggs, Derwent"]
[WhiteElo "1502"]
[BlackElo "2257"]
[Result "0-1"]

1. e4 e6 2. d4 d5 3. exd5 exd5 4. Nf3 Bd6 5. c4 c6 6. Nc3 Ne7 7. c5 Bc7 8.
Bd3 O-O 9. h3 Bf5 10. O-O Nd7 11. Re1 Bxd3 12. Qxd3 Ng6 13. Bg5 f6 14. Bd2
Rc8 15. b4 Bb8 16. a4 Qc7 17. g3 b6 18. Ne2 Qb7 19. Qc2 a5 20. Rab1 Qa7 21.
Rb2 axb4 22. Bxb4 bxc5 23. Bxc5 Nxc5 24. dxc5 Ne5 25. Nxe5 fxe5 26. Reb1
Qf7 27. Nc3 Qe7 28. Nd1 Ba7 29. Rb7 Rc7 30. Rxc7 Qxc7 31. Kg2 Qe7 32. Rb6
Bxb6 33. cxb6 Qa3 34. Ne3 d4 35. Qc4+ Kh8 36. Ng4 Qf3+ 37. Kh2 h5 38. b7
hxg4 39. Qf1 Qxf2+ 40. Qxf2 Rxf2+ 41. Kg1 Rb2 0-1

[Event "2018 WA State Championships"]
[Site "North Woodvale Primary School"]
[Date "2018.06.03"]
[Round "3"]
[White "Maris, Robert"]
[Black "Laugery, Bernard"]
[WhiteElo "1987"]
[BlackElo "1126"]
[Result "1-0"]

1. c4 e5 2. Nc3 Nf6 3. Nf3 d6 4. d4 exd4 5. Nxd4 Be7 6. e4 O-O 7. Be2 h6 8.
Be3 a6 9. f4 Bd7 10. Bf3 c6 11. O-O Qc8 12. h3 Re8 13. Qd2 Bf8 14. Rac1 c5
15. Nde2 Nc6 16. Kh2 Qc7 17. g4 Rad8 18. Ng3 Qc8 19. Rce1 Ne7 20. Qg2 Ng6
21. Nf5 Bxf5 22. gxf5 Nh4 23. Qg3 Nxf3+ 24. Qxf3 Qc6 25. Bf2 Nh7 26. b3 Qd7
27. a4 f6 28. Rd1 Qf7 29. Rd3 Be7 30. Nd5 Rc8 31. Rfd1 Nf8 32. Bg3 Rc6 33.
R1d2 Rcc8 34. e5 fxe5 35. fxe5 dxe5 36. Bxe5 Bg5 37. Re2 Nd7 38. Bg3 Rxe2+
39. Qxe2 Re8 40. Qf2 Ne5 41. Bxe5 Rxe5 42. Rf3 Qe8 43. f6 gxf6 44. Rxf6 Re2
45. Rf8+ Qxf8 46. Qxe2 Qd6+ 47. Kg2 Qf8 48. Qg4 Kh7 49. h4 Bd8 50. h5 Qg7
51. Qxg7+ Kxg7 52. Kf3 Kf7 53. Ke4 Ke6 54. Nf4+ Kf6 55. Kd5 Bc7 56. Ne6 Bb6
57. Nxc5 Bxc5 58. Kxc5 Kg5 59. Kb6 Kxh5 60. Kxb7 Kg5 61. c5 h5 62. c6 h4
63. c7 h3 64. c8=Q Kh4 1-0

[Event "2018 WA State Championships"]
[Site "North Woodvale Primary School"]
[Date "2018.06.03"]
[Round "3"]
[White "Hintz, Steven"]
[Black "Maris, Natalie"]
[WhiteElo "1592"]
[BlackElo "1679"]
[Result "0-1"]

1. c4 Nf6 2. Nc3 e6 3. g3 Nc6 4. Bg2 d5 5. e3 Be7 6. d3 O-O 7. Nge2 Qd7 8.
O-O b6 9. b3 Bb7 10. Bb2 Na5 11. cxd5 exd5 12. Rc1 c5 13. Nb1 Rac8 14. Bc3
Nc6 15. d4 cxd4 16. Nxd4 Nxd4 17. Bxd4 Rxc1 18. Qxc1 Rc8 19. Qb2 Qf5 20.
Rc1 Rxc1+ 21. Qxc1 Bc5 22. Bxf6 Qxf6 23. Nd2 g5 24. a4 g4 25. Qd1 h5 26.
Qe1 Qe7 27. Qe2 f5 28. Qd3 Qe5 29. h3 gxh3 30. Bxh3 d4 31. Nc4 Qd5 0-1

[Event "2018 WA State Championships"]
[Site "North Woodvale Primary School"]
[Date "2018.06.03"]
[Round "3"]
[White "Fu, Yihe (Rebo)"]
[Black "Gao, Oscar"]
[WhiteElo "1892"]
[BlackElo "763"]
[Result "1-0"]

1. e4 e5 2. Nf3 Nc6 3. Bb5 d6 4. d4 exd4 5. Nxd4 Bd7 6. Nc3 Nf6 7. O-O Be7
8. Bxc6 bxc6 9. Re1 O-O 10. Be3 c5 11. Nb3 Bc6 12. f3 Re8 13. Qd2 Qd7 14.
Rad1 Rab8 15. Qe2 Qc8 16. Qf2 Qa6 17. Bc1 Nd7 18. f4 Nb6 19. e5 Nc4 20.
exd6 cxd6 21. a3 Na5 22. Nxa5 Qxa5 23. Nd5 Bxd5 24. Rxd5 h6 25. Bd2 Qb6 26.
Bc3 Bf8 27. Red1 Re4 28. Qg3 g6 29. f5 Kh7 30. fxg6+ fxg6 31. Rxd6 Bxd6 32.
Rxd6 Qxd6 33. Qxd6 Rbe8 34. Qxc5 R4e7 35. b4 Rf7 36. h4 Ref8 37. a4 Kg8 38.
Qe5 Rf1+ 39. Kh2 R8f7 40. Qh8# 1-0

[Event "2018 WA State Championships"]
[Site "North Woodvale Primary School"]
[Date "2018.06.03"]
[Round "3"]
[White "Kinsman, Craig"]
[Black "Dunlop, Gordon"]
[WhiteElo "1961"]
[BlackElo "1895"]
[Result "1/2-1/2"]

1. e4 c5 2. Nf3 Nc6 3. d4 cxd4 4. Nxd4 Nf6 5. Nc3 e5 6. Ndb5 d6 7. Bg5 a6
8. Na3 Be7 9. Bxf6 Bxf6 10. Nc4 Nd4 11. Nd5 b5 12. c3 bxc4 13. Nxf6+ gxf6
14. cxd4 Qa5+ 15. Qd2 Qxd2+ 16. Kxd2 Rb8 17. Rb1 d5 18. dxe5 Ke7 19. exf6+
Kxf6 20. exd5 Bf5 21. Bxc4 Bxb1 22. Rxb1 a5 23. b3 Rhg8 24. g3 h5 25. h4
Rg4 26. Kd3 a4 27. b4 Ke5 28. Re1+ Kd6 29. a3 Rc8 30. Rc1 Ke5 31. Re1+ Kd6
32. Ba6 Rc7 33. Bb5 Kxd5 34. Bxa4 Rd4+ 35. Ke2 Rc3 36. Rd1 Rxd1 37. Bxd1
Rxa3 38. Kd2 Kc4 39. Bxh5 Kxb4 40. Ke2 f6 41. Bg6 Kc5 42. h5 Kd6 43. h6 Ke7
44. h7 Ra8 45. Kf3 Rh8 46. Kg4 Kf8 47. Be4 Kg7 48. Kf4 Rb8 1/2-1/2

[Event "2018 WA State Championships"]
[Site "North Woodvale Primary School"]
[Date "2018.06.03"]
[Round "3"]
[White "Lakner, Jay"]
[Black "Ong, Celine"]
[WhiteElo "2098"]
[BlackElo "851"]
[Result "1-0"]

1. c4 e5 2. Nc3 Nc6 3. Nf3 Nf6 4. g3 Be7 5. Bg2 O-O 6. O-O d6 7. d4 h6 8.
b3 Bf5 9. Bb2 a6 10. Nd5 e4 11. Nd2 Re8 12. Ne3 Bg6 13. d5 Ne5 14. Bxe5
dxe5 15. Qc2 c6 16. dxc6 bxc6 17. Rfd1 Qc8 18. c5 Nd7 19. Bxe4 Bxc5 20.
Bxg6 fxg6 21. Qxg6 Nf8 22. Qe4 Kf7 23. Rac1 Nd7 24. Qc4+ Kf6 25. Ne4+ Ke7
26. Nxc5 Nb6 27. Qb4 Rb8 28. Nxa6+ Kf7 29. Nxb8 Qxb8 30. Rxc6 Re6 31. Rxe6
Kxe6 32. Nc4 Qa7 33. Qd6+ Kf5 34. e4+ Kxe4 35. Qxe5+ Kf3 36. Qf4+ Ke2 37.
Qg4# 1-0

[Event "2018 WA State Championships"]
[Site "North Woodvale Primary School"]
[Date "2018.06.10"]
[Round "4"]
[White "Kelly, Adam"]
[Black "Kurniawan, Stephanus"]
[Result "0-1"]
[WhiteElo "2104"]
[BlackElo "2369"]

1.d4 Nf6 2.c4 c5 3.d5 b5 4.cxb5 a6 5.b6 Qxb6 6.Nc3 g6 7.Nf3 Bg7 8.e4 d6 
9.Nd2 O-O 10.Be2 Bd7 11.Nc4 Qb7 12.a4 Ne8 13.Bg5 Ra7 14.Qd2 f6 15.Bh4 Qb4 
16.O-O Bc8 17.f4 f5 18.e5 dxe5 19.fxe5 Bxe5 20.a5 Bd4+ 21.Bf2 Bxf2+ 
22.Rxf2 Nd7 23.Qe3 Nd6 24.Ra4 Qb8 25.Qxe7 Nxc4 26.Qe6+ Kg7 27.Bxc4 Ne5 
28.Qb6 Bd7 29.b3 Bxa4 30.Nxa4 Nxc4 31.bxc4 Rb7 32.Qc6 Rc8 33.Qxa6 Rb1+ 
34.Rf1 Rxf1+ 35.Kxf1 Qf4+ 36.Kg1 Re8 37.Qb7+ Kh6 38.Qb1 Re2 39.Qf1 Qe3+ 0-1